| 000 | 01253nam a22003137a 4500 | ||
|---|---|---|---|
| 005 | 20170728105912.0 | ||
| 010 | _aBAC-EN21 ENG-111925 | ||
| 020 |
_a9780670087471 _c399.00 |
||
| 035 | _aEN-95457 | ||
| 035 | _aB-580967-982 | ||
| 035 | _aB-667348 | ||
| 037 |
_adpl _bAakar Books/Ven |
||
| 037 | _aDBAD/PUB | ||
| 082 | _a338.04 | ||
| 100 | _aPriya Kumar | ||
| 245 |
_aThe inspiring journey of a hero : _blearnings from the life of O.P. Munjal / _cby Priya Kumar ; foreworded by Ram Charan |
||
| 260 |
_aNew Delhi _bPenguin Books _c2014 |
||
| 270 |
_a11 Community Centre,Panchsheel Park _bNew Delhi _e110017 |
||
| 300 |
_axIix,170p.,8 unnumbered pages of plates : _c22cm(Hb) _bcol. ill. |
||
| 600 |
_a Munjal, Om Prakash, _d1927- |
||
| 610 |
_a Hero Cycles Limited _vBiography. |
||
| 650 |
_a Industrialists _zIndia _vBiography. |
||
| 650 |
_a Bicycle industry _zIndia. |
||
| 650 |
_a Motorcycle industry _zIndia. |
||
| 700 | _aRam Charan | ||
| 942 |
_2ddc _cEN _mPRI _h338.04 |
||
| 999 |
_c89185 _d89185 |
||